| 000 | 01453cam a2200241 4500500 | ||
|---|---|---|---|
| 005 | 20260301001212.0 | ||
| 041 | _afre | ||
| 042 | _adc | ||
| 100 | 1 | 0 |
_aYanis, Adel _eauthor |
| 245 | 0 | 0 | _aLes stéatopathies métaboliques en médecine générale |
| 260 | _c2025. | ||
| 500 | _a62 | ||
| 520 | _aThis account of a complex authentic situation raises the question of the place of FIB-4 in general practice as part of the assessment of the degree of liver fibrosis in patients with metabolic syndrome? What are the definitions of metabolic syndrome and Non-Alcoholic Fatty Liver Disease? What arguments can be used to suspect NAFLD? | ||
| 520 | _aCe récit de situation complexe authentique pose la question de la place du FIB-4 en médecine générale dans le cadre de l’évaluation du degré de fibrose hépatique des patients porteurs d’un syndrome métabolique. Quelles sont les définitions du syndrome métabolique et de la stéatopathie métabolique ? Sur quels arguments s’appuyer pour suspecter une stéatopathie métabolique ? | ||
| 690 | _aFIB-4 | ||
| 690 | _astéatohépatite non alcoolique | ||
| 690 | _astéatopathie métabolique | ||
| 690 | _aFIB-4 | ||
| 690 | _aNon-Alcoholic Fatty Liver Disease | ||
| 690 | _aNon-Alcoholic Steato-Hepatitis | ||
| 786 | 0 | _nMédecine | 20 | 10 | 2025-01-14 | p. 448-451 | 1777-2044 | |
| 856 | 4 | 1 | _uhttps://stm.cairn.info/revue-medecine-2024-10-page-448?lang=fr&redirect-ssocas=7080 |
| 999 |
_c1673396 _d1673396 |
||